| 000 | 00496nam a2200157 i 4500 | ||
|---|---|---|---|
| 001 | bg | ||
| 100 | 1 | _aWODZYŃSKI, Bogusław | |
| 245 | 0 |
_aRadiotelefony / _cBogusław Wodzyński. |
|
| 250 | _aWyd.4 popr. i uzup. | ||
| 260 |
_aWarszawa : _bWydawnictwa Komunikacji i Łączności, _c1978. |
||
| 040 | _cBPK | ||
| 041 | _apol | ||
| 942 | _cKS | ||
| 008 | s pl f |000 0 pol | ||
| 856 |
_uhttp://koha.tu.koszalin.pl/cgi-bin/koha/opac-detail.pl?biblionumber=17715 _yKatalog online BPK |
||
| 999 |
_c17715 _d17715 |
||